Gulliver's travels

Saved in:
Bibliographic Details
Main Author: Swift, Jonathan
Format: Book
Language:Undetermined
Published: Oxford Oxford University Press 2000
Subjects:
Tags: Add Tag
No Tags, Be the first to tag this record!
Institutions: Trung tâm Học liệu Trường Đại học Cần Thơ
LEADER 00610nam a2200205Ia 4500
001 CTU_94826
008 210402s9999 xx 000 0 und d
020 |c 34000 
082 |a 823.5 
082 |b S977 
100 |a Swift, Jonathan 
245 0 |a Gulliver's travels 
245 0 |c Jonathan Swift 
260 |a Oxford 
260 |b Oxford University Press 
260 |c 2000 
650 |a Satire, English,Voyages, imaginary,Imaginary societies in literature 
650 |x History and criticism,History and criticism 
904 |i Năm, Trong Hieu 
980 |a Trung tâm Học liệu Trường Đại học Cần Thơ